| 000 | 00638nam a22001814a 4500 | ||
|---|---|---|---|
| 005 | 20100506104856.0 | ||
| 008 | 090211s2008 ii ab b 000 0 eng | ||
| 020 |
_a9788172452889 _c150.00 |
||
| 037 | _bPUB | ||
| 040 |
_adpl _bEnglish |
||
| 100 | _aBhardwaj, Ashwani | ||
| 245 |
_aA complete guide to homeopathic remedies / _cby Ashwani Bhardwaj |
||
| 260 |
_aNew Delhi _bGoodwill Publishing House _c(200?) |
||
| 270 |
_aB-3, Rattan Jyoti, 18 Rajendra Place, _bNew Delhi _e110008 |
||
| 300 |
_aiv, 500p. _c24 cm(pbk ) |
||
| 942 |
_2ddc _cEN _mBHA |
||
| 999 |
_c35726 _d35726 |
||